Statistics for Three Biggest Cities by African Country

Click here to take the quiz!

General Stats

  • This quiz has been taken 277 times
  • The average score is 26 of 36

Answer Stats

CountryCity% Correct
NigeriaLagos
100%
EgyptAlexandria
99%
EgyptCairo
99%
South AfricaCape Town
99%
South AfricaJohannesburg
99%
D.R. CongoKinshasa
99%
KenyaNairobi
99%
MoroccoCasablanca
98%
SenegalDakar
98%
MoroccoRabat
98%
TunisiaTunis
98%
GhanaAccra
97%
AlgeriaAlgiers
97%
TanzaniaDar es Salaam
95%
South AfricaDurban
95%
CameroonYaounde
95%
MoroccoFes
90%
NigeriaKano
90%
KenyaMombasa
88%
CameroonDouala
78%
AlgeriaOran
75%
NigeriaIbadan
74%
D.R. CongoLubumbashi
68%
EgyptGiza
67%
GhanaKumasi
62%
TunisiaSfax
59%
TunisiaSousse
50%
D.R. CongoMbuji-Mayi
46%
AlgeriaConstantine
42%
TanzaniaArusha
31%
TanzaniaMwanza
30%
SenegalTouba
23%
SenegalThiès
17%
KenyaKisumu
14%
GhanaSekondi-Takoradi
12%
CameroonBafoussam
8%

Score Distribution

Percentile by Number Answered

Percent of People with Each Score

Your Score History

You have not taken this quiz